000
00279nam a22001217a 4500
008
171006b xxu||||| |||| 00| 0 eng d
041
_a
eng
080
_2
1ST
_a
159.9
100
_a
49
101
_a
PSI
245
_a
CLINICAL MANAGEMENT OF INSOMNIA
_c
DOGHRAMJI,K
942
_2
udc
_c
BK
999
_c
32225
_d
32225